Wake-up call on products (Record no. 79890)

MARC details
000 -LEADER
fixed length control field 01099cab a22002175a 4500
001 - CONTROL NUMBER
control field L142647
008 - FIXED-LENGTH DATA ELEMENTS--GENERAL INFORMATION
fixed length control field 080226s2008 xxk f 000 0 eng d
035 ## - SYSTEM CONTROL NUMBER
System control number (Sirsi) u142647
041 0# - LANGUAGE CODE
Language code of text/sound track or separate title eng
100 1# - MAIN ENTRY--PERSONAL NAME
Personal name Arminas, David
245 00 - TITLE STATEMENT
Title Wake-up call on products
260 ## - PUBLICATION, DISTRIBUTION, ETC.
Date of publication, distribution, etc. 2008
490 #0 - SERIES STATEMENT
Series statement Building Services Journal
Volume/sequential designation 30(2) February 2008, 52-54(3)
520 ## - SUMMARY, ETC.
Summary, etc. Discusses the energy-using products directive (Directive 2005/32/EC) and the work by the Market Transformation Programme to complete preparatory studies to see where energy savings in products can eco-designed. In this context, looks at the progress pumps, fans, lighting and boilers are making towards implementing eco-design standards. Includes details of lots and preparatory studies and a timescale for the seven product groups scheduled for energy-using product regulations.
590 ## - LOCAL NOTE (RLIN)
Local note KA
650 24 - SUBJECT ADDED ENTRY--TOPICAL TERM
Topical term or geographic name entry element DIRECTIVE 2005/32/EC
651 #4 - SUBJECT ADDED ENTRY--GEOGRAPHIC NAME
Geographic name United Kingdom
Chronological subdivision
690 ## - LOCAL SUBJECT ADDED ENTRY--TOPICAL TERM (OCLC, RLIN)
Topical term or geographic name as entry element BUILT ENVIRONMENT-SUSTAINABLE CONSTRUCTION
690 ## - LOCAL SUBJECT ADDED ENTRY--TOPICAL TERM (OCLC, RLIN)
Topical term or geographic name as entry element ENVIRONMENTAL AND LAND CONSULTANCY-ENERGY-ENERGY USE-ENERGY CONSERVATION
942 ## - ADDED ENTRY ELEMENTS (KOHA)
Suppress in OPAC 0
Holdings
Withdrawn status Lost status Source of classification or shelving scheme Damaged status Not for loan Home library Current library Shelving location Date acquired Total Checkouts Full call number Barcode Date last seen Copy number Price effective from Koha item type
    Dewey Decimal Classification     London London Journal article 26/02/2008   L142647 142647-1001 06/08/2019 1 06/08/2019 Journal article